[Event "2. Bundesliga West 2016/17"]
[Site "Maeder"]
[Date "2016.11.27"]
[Round "6"]
[Board "2"]
[White "Bezler, Rainer"]
[Black "Besner, Bernhard"]
[Result "1/2-1/2"]
[WhiteElo "2234"]
[BlackElo "2141"]
[PlyCount "78"]
[EventDate "2016.10.28"]
[EventType "team"]
[EventRounds "11"]
[EventCountry "AUT"]
[WhiteTeam "Bregenz 2"]
[BlackTeam "ASK Salzburg"]

1. d4 d5 2. c4 e6 3. Nf3 c5 4. cxd5 exd5 5. g3 Nc6 6. Bg2 Nf6 7. O-O c4 8. b3
cxb3 9. Qxb3 Be7 10. Nc3 O-O 11. Rd1 b6 12. Ne5 Na5 13. Qb2 Be6 14. Bf4 Rc8 15.
h3 h6 16. g4 Nc4 17. Nxc4 Rxc4 18. e3 Qd7 19. Bf1 Rcc8 20. Ba6 Rcd8 21. Rac1
Bd6 22. Bxd6 Qxd6 23. Nb5 Qe7 24. Rc7 Rd7 25. Rdc1 Ne4 26. f3 Nc5 27. Rxd7 Bxd7
28. dxc5 Qxe3+ 29. Kg2 f5 30. Rc3 Qe1 31. c6 Be6 32. Nd4 fxg4 33. hxg4 Bxg4 34.
Be2 Bh3+ 35. Kxh3 Qh1+ 36. Kg3 Qg1+ 37. Kh3 Qh1+ 38. Kg3 Qg1+ 39. Kh3 Qh1+
 1/2-1/2

[Event "2. Bundesliga West 2016/17"]
[Site "Maeder"]
[Date "2016.11.27"]
[Round "6"]
[Board "3"]
[White "Frank, Emanuel"]
[Black "Heilinger, Dietmar"]
[Result "1/2-1/2"]
[WhiteElo "2189"]
[BlackElo "2151"]
[PlyCount "100"]
[EventDate "2016.10.28"]
[EventType "team"]
[EventRounds "11"]
[EventCountry "AUT"]
[WhiteTeam "ASK Salzburg"]
[BlackTeam "Bregenz 2"]

1. d4 d5 2. c4 e6 3. Nf3 Nf6 4. g3 Be7 5. Bg2 O-O 6. O-O dxc4 7. Qc2 a6 8. a4
b6 9. Ne5 Ra7 10. Qxc4 Bb7 11. Bxb7 Rxb7 12. Nc3 c5 13. dxc5 Bxc5 14. Nd3 Bd4
15. Bf4 Bxc3 16. Qxc3 Nd5 17. Qb3 Nxf4 18. Nxf4 Nd7 19. Rfd1 Qe7 20. a5 Rfb8
21. Rac1 h6 22. Qc4 bxa5 23. Qxa6 Nc5 24. Qc4 Nb3 25. Rc3 Rb4 26. Qa6 Qb7 27.
Qd6 Rb6 28. Qe5 Rb5 29. Qd6 Rb6 30. Qe5 Rb5 31. Qe3 e5 32. Nd3 Qd5 33. Rf1 Qd4
34. Qxd4 Nxd4 35. Re1 e4 36. Nc5 Rxb2 37. Kf1 f5 38. g4 g6 39. gxf5 gxf5 40.
Nd7 R8b7 41. Rg3+ Kf7 42. Ne5+ Kf6 43. Nc4 Rc2 44. Ne3 Rcb2 45. Nc4 R2b4 46.
Nd2 a4 47. Rh3 Kg6 48. Rg3+ Kh7 49. Rc3 Rb2 50. Rd1 Rc2 1/2-1/2

[Event "2. Bundesliga West 2016/17"]
[Site "Maeder"]
[Date "2016.11.27"]
[Round "6"]
[Board "4"]
[White "Barthelmann, Benno"]
[Black "Roth, Peter"]
[Result "1-0"]
[WhiteElo "2097"]
[BlackElo "2128"]
[PlyCount "109"]
[EventDate "2016.10.28"]
[EventType "team"]
[EventRounds "11"]
[EventCountry "AUT"]
[WhiteTeam "Bregenz 2"]
[BlackTeam "ASK Salzburg"]

1. c4 g6 2. g3 Bg7 3. Bg2 e5 4. Nc3 d6 5. Nf3 Nf6 6. O-O O-O 7. d3 Nc6 8. Rb1
a5 9. a3 Ng4 10. b4 axb4 11. axb4 f5 12. Bd2 Ne7 13. Qb3 Kh8 14. e3 h6 15. Ra1
Rxa1 16. Rxa1 Be6 17. Ra7 Qb8 18. Ra3 c6 19. b5 Nf6 20. h3 Qc8 21. bxc6 bxc6
22. Ra7 Nfg8 23. Kh2 g5 24. Qb4 Qb8 25. Rb7 Qc8 26. Qb6 Qd8 27. Ne1 Qxb6 28.
Rxb6 Rc8 29. Nc2 Nf6 30. Rb7 Nd7 31. d4 e4 32. Bf1 Rb8 33. Rxb8+ Nxb8 34. Na4
Kg8 35. Ba5 d5 36. c5 Kf7 37. Bc7 Nd7 38. Nb4 Nf6 39. Bd6 Nfg8 40. Ba6 Bd7 41.
Nb6 Be8 42. Bb7 Ke6 43. Na8 Bd7 44. Nc7+ Kf7 45. Nca6 Bc8 46. Bxc8 Nxc8 47. Bc7
Nge7 48. Nb8 Ke6 49. Ba5 f4 50. g4 Na7 51. Bb6 Nb5 52. N8xc6 fxe3 53. fxe3 Nxc6
54. Nxc6 Kd7 55. Nb4 1-0

[Event "2. Bundesliga West 2016/17"]
[Site "Maeder"]
[Date "2016.11.27"]
[Round "6"]
[Board "5"]
[White "Juergens, Klaus"]
[Black "Amann, Harald"]
[Result "1-0"]
[WhiteElo "2125"]
[BlackElo "2049"]
[PlyCount "81"]
[EventDate "2016.10.28"]
[EventType "team"]
[EventRounds "11"]
[EventCountry "AUT"]
[WhiteTeam "ASK Salzburg"]
[BlackTeam "Bregenz 2"]

1. Nf3 Nf6 2. c4 g6 3. Nc3 Bg7 4. e4 d6 5. d4 O-O 6. h3 Nc6 7. d5 Ne5 8. Nxe5
dxe5 9. Be2 c5 10. O-O Ne8 11. a3 Nd6 12. b4 b6 13. bxc5 bxc5 14. Be3 Qa5 15.
Qb3 Bd7 16. Rfb1 Rfc8 17. Rb2 h6 18. Rab1 Kh7 19. Qc2 Bf6 20. Nb5 Nxe4 21. Qxe4
Bf5 22. Qf3 Bxb1 23. Bd2 Qd8 24. Rxb1 Rab8 25. Rd1 Rb7 26. Bd3 a6 27. Nc3 Qe8
28. Ne4 Bg7 29. g4 Rb3 30. Be3 Qf8 31. Nxc5 Rxa3 32. Nd7 Qe8 33. Nb6 Rd8 34. c5
Kg8 35. c6 Rc3 36. Qe4 e6 37. Qb4 exd5 38. Qxc3 e4 39. Qc5 d4 40. c7 dxe3 41.
cxd8=Q 1-0

[Event "2. Bundesliga West 2016/17"]
[Site "Maeder"]
[Date "2016.11.27"]
[Round "6"]
[Board "6"]
[White "Gobbo, Francesco"]
[Black "Herrmann, Michael"]
[Result "0-1"]
[WhiteElo "2026"]
[BlackElo "2078"]
[PlyCount "86"]
[EventDate "2016.10.28"]
[EventType "team"]
[EventRounds "11"]
[EventCountry "AUT"]
[WhiteTeam "Bregenz 2"]
[BlackTeam "ASK Salzburg"]

1. d4 d5 2. c4 c6 3. Nc3 Nf6 4. Nf3 a6 5. Bf4 dxc4 6. e3 b5 7. Be2 Bb7 8. O-O
Nbd7 9. a4 e6 10. Qc2 Be7 11. Ne5 Rc8 12. Bf3 Qb6 13. b3 cxb3 14. Qxb3 O-O 15.
Bg5 Rfe8 16. Rfb1 h6 17. Bh4 Nxe5 18. dxe5 Nd7 19. Bg3 Ba8 20. Qb2 b4 21. a5
Qa7 22. Ne4 c5 23. Nd6 Bxd6 24. exd6 Bxf3 25. gxf3 Rc6 26. e4 e5 27. Rd1 Re6
28. f4 exf4 29. Bxf4 Rxe4 30. Bg3 Rc8 31. Qc2 Rce8 32. Qd2 Qb7 33. Re1 c4 34.
Rxe4 Rxe4 35. Rb1 b3 36. Qc3 Qd5 37. Qb4 Qd3 38. Rb2 Qd1+ 39. Kg2 Qd5 40. f3
Re3 41. Rf2 g5 42. h3 c3 43. h4 c2 0-1

[Event "2. Bundesliga West 2016/17"]
[Site "Kufstein"]
[Date "2017.01.21"]
[Round "7"]
[Board "1"]
[White "Medvegy, Zoltan"]
[Black "Gatterer, Florian"]
[Result "1/2-1/2"]
[WhiteElo "2557"]
[BlackElo "2281"]
[PlyCount "99"]
[EventDate "2016.10.28"]
[EventType "team"]
[EventRounds "11"]
[EventCountry "AUT"]
[WhiteTeam "Ranshofen"]
[BlackTeam "Rochade Rum"]

1. c4 c6 2. Nc3 d5 3. e3 Nf6 4. Nf3 a6 5. Qc2 g6 6. d4 Bg7 7. Bd3 O-O 8. O-O
Bg4 9. Ne5 Be6 10. c5 Nbd7 11. Nxd7 Qxd7 12. Bd2 Bf5 13. Bxf5 gxf5 14. Ne2 Nh5
15. Rad1 Kh8 16. Ba5 Rg8 17. Rd3 Bh6 18. Bd2 Rg6 19. Nf4 Nxf4 20. exf4 Rag8 21.
g3 Bg7 22. Ba5 Bh6 23. Qd2 Rg4 24. Kh1 e6 25. Rb3 f6 26. Qe2 Qf7 27. Re1 Qh5
28. Qxe6 Qg6 29. Rxb7 Rxf4 30. Qf7 Rxf2 31. Qxg6 hxg6 32. Kg1 Rc2 33. Ree7 Rg7
34. Rxg7 Bxg7 35. Rb6 Bh6 36. Kf1 Be3 37. Bc3 Rf2+ 38. Ke1 Rxh2 39. Kf1 Rf2+
40. Ke1 Rh2 41. Rxc6 Bf2+ 42. Kd1 Bxg3 43. Rc8+ Kg7 44. c6 g5 45. c7 Bxc7 46.
Rxc7+ Kg6 47. Re7 f4 48. Re2 Rh1+ 49. Re1 Rh2 50. Re2 1/2-1/2

[Event "2. Bundesliga West 2016/17"]
[Site "Kufstein"]
[Date "2017.01.21"]
[Round "7"]
[Board "2"]
[White "Spornberger, Maximilian"]
[Black "Kantor, Gergely"]
[Result "0-1"]
[WhiteElo "2300"]
[BlackElo "2413"]
[PlyCount "110"]
[EventDate "2016.10.28"]
[EventType "team"]
[EventRounds "11"]
[EventCountry "AUT"]
[WhiteTeam "Rochade Rum"]
[BlackTeam "Ranshofen"]

1. d4 Nf6 2. Bf4 d5 3. e3 c5 4. c3 Nc6 5. Nd2 Bf5 6. Qb3 Qc8 7. Ngf3 e6 8. Nh4
Bg4 9. h3 Bh5 10. g4 Bg6 11. Nxg6 hxg6 12. Bg2 cxd4 13. exd4 Qd7 14. Qd1 Bd6
15. Qf3 Bxf4 16. Qxf4 O-O 17. O-O b5 18. Nf3 Rac8 19. Rac1 Qc7 20. Qe3 Qb6 21.
g5 Nh5 22. Nd2 Ne7 23. Bf3 Nf5 24. Qe5 Qd8 25. h4 Nxh4 26. Bg4 Qc7 27. f4 Nf5
28. Rce1 Qxe5 29. fxe5 b4 30. Rf3 bxc3 31. bxc3 Rc6 32. Nb3 Rb8 33. Re2 Nh4 34.
Rh3 Nf4 35. Rxh4 Nxe2+ 36. Bxe2 Rxc3 37. Rh2 Rb4 38. Bf1 a5 39. Nxa5 Rxd4 40.
Re2 Rg4+ 41. Rg2 Re4 42. Re2 Rxe2 43. Bxe2 Rc2 44. Kf2 Rxa2 45. Nb3 Kf8 46. Nd4
Ke7 47. Ke3 Kd8 48. Nb5 Kd7 49. Nd4 Kc7 50. Nb5+ Kc6 51. Nd4+ Kc5 52. Nb3+ Kb4
53. Nd4 Ra3+ 54. Bd3 Kc5 55. Nb5 Rxd3+ 0-1

[Event "2. Bundesliga West 2016/17"]
[Site "Kufstein"]
[Date "2017.01.21"]
[Round "7"]
[Board "3"]
[White "Dovzik, Juri"]
[Black "Spornberger, Andre"]
[Result "0-1"]
[WhiteElo "2284"]
[BlackElo "2288"]
[PlyCount "70"]
[EventDate "2016.10.28"]
[EventType "team"]
[EventRounds "11"]
[EventCountry "AUT"]
[WhiteTeam "Ranshofen"]
[BlackTeam "Rochade Rum"]

1. c4 e6 2. g3 f5 3. Bg2 Nf6 4. Nf3 d5 5. O-O c6 6. d3 dxc4 7. dxc4 Qxd1 8.
Rxd1 Nbd7 9. Nc3 Bc5 10. Na4 Be7 11. b3 O-O 12. Bb2 Re8 13. Ne5 Bf8 14. Rd3
Nxe5 15. Bxe5 Nd7 16. Bc7 e5 17. Rad1 Nf6 18. Rd8 e4 19. Rxe8 Nxe8 20. Be5 Be6
21. f3 exf3 22. Bxf3 Nf6 23. Bd4 Rd8 24. e3 a6 25. Nc5 Bc8 26. Na4 Kf7 27. Bb6
Rxd1+ 28. Bxd1 Ne4 29. Bf3 Ke6 30. Bxe4 fxe4 31. Bd4 Kf5 32. Bc5 Bxc5 33. Nxc5
b6 34. Na4 b5 35. cxb5 axb5 {time} 0-1

[Event "2. Bundesliga West 2016/17"]
[Site "Kufstein"]
[Date "2017.01.21"]
[Round "7"]
[Board "4"]
[White "Moroder, Stefan"]
[Black "Knechtel, Roland"]
[Result "1/2-1/2"]
[WhiteElo "2206"]
[BlackElo "2266"]
[PlyCount "61"]
[EventDate "2016.10.28"]
[EventType "team"]
[EventRounds "11"]
[EventCountry "AUT"]
[WhiteTeam "Rochade Rum"]
[BlackTeam "Ranshofen"]

1. e4 c6 2. d4 d5 3. Nd2 dxe4 4. Nxe4 Bf5 5. Ng3 Bg6 6. h4 h6 7. N1e2 Nf6 8.
Nf4 Bh7 9. c3 Nbd7 10. Bc4 Nb6 11. Bb3 Nbd5 12. Ngh5 e6 13. Qe2 Nxf4 14. Bxf4
Nxh5 15. Qxh5 Bd6 16. Bxd6 Qxd6 17. O-O-O Qf4+ 18. Rd2 O-O 19. Qe5 Qe4 20. Qxe4
Bxe4 21. f3 Bh7 22. Re1 Rfd8 23. Re5 Rd6 24. Rde2 Kf8 25. g4 b6 26. f4 Rad8 27.
Bc2 Bxc2 28. Kxc2 Rd5 29. h5 Ke7 30. a3 Rxe5 31. Rxe5 1/2-1/2

[Event "2. Bundesliga West 2016/17"]
[Site "Kufstein"]
[Date "2017.01.21"]
[Round "7"]
[Board "5"]
[White "Ager, Josef"]
[Black "Hengl, Christian"]
[Result "1/2-1/2"]
[WhiteElo "2144"]
[BlackElo "2226"]
[PlyCount "116"]
[EventDate "2016.10.28"]
[EventType "team"]
[EventRounds "11"]
[EventCountry "AUT"]
[WhiteTeam "Ranshofen"]
[BlackTeam "Rochade Rum"]

1. Nf3 d5 2. c4 c6 3. g3 Bg4 4. Qb3 Bxf3 5. exf3 Qd7 6. d4 e6 7. Nc3 g6 8. Bf4
Bg7 9. Be5 f6 10. Bf4 Ne7 11. h4 O-O 12. Rd1 dxc4 13. Bxc4 Nd5 14. Bc1 b5 15.
Be2 Qf7 16. Nxd5 exd5 17. Be3 Nd7 18. Rc1 Rfc8 19. Qd3 Nb6 20. b3 a5 21. O-O f5
22. Rc2 a4 23. Rfc1 axb3 24. axb3 Qe6 25. Bf4 Nd7 26. Qd2 Nf8 27. Bf1 Qd7 28.
Re1 Re8 29. Rec1 Ra6 30. Bh3 Ne6 31. Be3 Bf6 32. h5 Rea8 33. Kg2 Qd6 34. f4 Kg7
35. hxg6 hxg6 36. g4 fxg4 37. Bxg4 Kf7 38. Kf3 Ng7 39. Qd3 Re8 40. Rg1 Re4 41.
Ke2 Bxd4 42. Bf3 Nf5 43. Bxe4 dxe4 44. Qxe4 Bxe3 45. fxe3 Ra1 46. Qg2 Rxg1 47.
Qxg1 Qe6 48. Rc3 Nd4+ 49. Kf2 Nxb3 50. Qh1 Na5 51. Qh7+ Kf6 52. Rc5 Nc4 53.
Qh8+ Kf7 54. Qd4 Qh3 55. Rg5 Qh4+ 56. Kg2 Qe1 57. Qd7+ Kf8 58. Qd8+ Kf7 1/2-1/2

[Event "2. Bundesliga West 2016/17"]
[Site "Kufstein"]
[Date "2017.01.21"]
[Round "7"]
[Board "6"]
[White "Jedinger, Andreas"]
[Black "Kuecher, Wolfgang"]
[Result "0-1"]
[WhiteElo "2120"]
[BlackElo "2122"]
[PlyCount "164"]
[EventDate "2016.10.28"]
[EventType "team"]
[EventRounds "11"]
[EventCountry "AUT"]
[WhiteTeam "Rochade Rum"]
[BlackTeam "Ranshofen"]

1. e4 g6 2. d4 Bg7 3. Nc3 d6 4. Be3 a6 5. Qd2 b5 6. a4 b4 7. Nd1 a5 8. c3 Bb7
9. f3 bxc3 10. Nxc3 Nd7 11. Nh3 Ngf6 12. Bh6 O-O 13. Bxg7 Kxg7 14. Bc4 d5 15.
Ba2 dxe4 16. fxe4 Nxe4 17. Nxe4 Bxe4 18. Ng5 Nf6 19. Bxf7 Qd6 20. Ba2 Bd5 21.
Bxd5 Nxd5 22. Nf3 Qe6+ 23. Qe2 Qxe2+ 24. Kxe2 Rab8 25. Ra2 Nf4+ 26. Kf2 Rb3 27.
Rf1 Nd3+ 28. Kg1 Rxb2 29. Rxb2 Nxb2 30. Rc1 Rc8 31. Rc5 Nxa4 32. Rxa5 Nb6 33.
Rc5 h6 34. Kf2 e6 35. Ke2 Nd5 36. Ne5 Rb8 37. Rc6 Rb2+ 38. Kf3 Rb3+ 39. Kf2 Rb6
40. Rc2 Rb4 41. Nc6 Rb6 42. Ne5 Ra6 43. h3 g5 44. Kg1 Ra4 45. Nc6 Kg6 46. Kh2
Kf5 47. Rf2+ Ke4 48. Re2+ Ne3 49. Kg3 Rc4 50. Nd8 Kxd4 51. Nxe6+ Kd3 52. Ra2
Nf5+ 53. Kh2 c6 54. Nd8 Rc3 55. Nf7 c5 56. Rf2 Ke4 57. g4 Nd4 58. Nxh6 Rc2 59.
Rxc2 Nxc2 60. Nf5 Nd4 61. Nd6+ Kf4 62. Kg2 Nc6 63. Kf2 Ne5 64. Nb5 c4 65. Nd4
Ke4 66. Ne6 Nf7 67. Ke2 Ke5 68. Nc7 Ke4 69. Ne6 Ke5 70. Nc7 Ke4 71. Nb5 Ne5 72.
Nc3+ Kf4 73. Kf2 Nd3+ 74. Kg2 Ke3 75. Kg3 Nf4 76. h4 Ne2+ 77. Nxe2 gxh4+ 78.
Kxh4 Kxe2 79. g5 c3 80. g6 c2 81. g7 c1=Q 82. g8=Q Qh1+ 0-1

[Event "2. Bundesliga West 2016/17"]
[Site "Kufstein"]
[Date "2017.01.21"]
[Round "7"]
[Board "1"]
[White "Bertagnolli, Alexander"]
[Black "Votava, Jan"]
[Result "0-1"]
[WhiteElo "2375"]
[BlackElo "2522"]
[PlyCount "60"]
[EventDate "2016.10.28"]
[EventType "team"]
[EventRounds "11"]
[EventCountry "AUT"]
[WhiteTeam "Kufstein/Woergl"]
[BlackTeam "Zillertal"]

1. d4 Nf6 2. c4 g6 3. Nc3 d5 4. cxd5 Nxd5 5. e4 Nxc3 6. bxc3 Bg7 7. Bb5+ c6 8.
Ba4 O-O 9. Ne2 e5 10. O-O Nd7 11. Be3 Qe7 12. d5 cxd5 13. exd5 Qd6 14. Bxd7
Qxd7 15. c4 b6 16. Qb3 Ba6 17. Nc3 Rac8 18. Nb5 Rxc4 19. Qxc4 Bxb5 20. Qb3 Bxf1
21. Kxf1 Rc8 22. Rd1 Bf8 23. f4 Bd6 24. fxe5 Bxe5 25. Bd4 Qf5+ 26. Kg1 Rc2 27.
Qa4 Bxh2+ 28. Kh1 Qe4 29. Qxc2 Qxc2 30. Re1 Bd6 0-1

[Event "2. Bundesliga West 2016/17"]
[Site "Kufstein"]
[Date "2017.01.21"]
[Round "7"]
[Board "2"]
[White "Lanka, Zigurds"]
[Black "Koepke, Christian"]
[Result "1-0"]
[WhiteElo "2445"]
[BlackElo "2305"]
[PlyCount "93"]
[EventDate "2016.10.28"]
[EventType "team"]
[EventRounds "11"]
[EventCountry "AUT"]
[WhiteTeam "Zillertal"]
[BlackTeam "Kufstein/Woergl"]

1. Nf3 d5 2. d4 Nf6 3. c4 dxc4 4. e3 Bg4 5. Bxc4 e6 6. Nbd2 Nbd7 7. a3 c5 8. h3
Bh5 9. Qb3 Qc7 10. O-O Be7 11. dxc5 Nxc5 12. Bb5+ Ncd7 13. Qc4 Qxc4 14. Bxc4
O-O 15. b4 Rfd8 16. Bb2 Nb6 17. Bb3 a5 18. bxa5 Rxa5 19. a4 Nfd5 20. Rfc1 Bf6
21. Bxf6 gxf6 22. Nd4 Rda8 23. Ne4 Nd7 24. Bxd5 Rxd5 25. Rc7 Bg6 26. Nc3 Rc5
27. Rxd7 Rxc3 28. Rxb7 Bd3 29. Rb3 Rxb3 30. Nxb3 Bc2 31. Nc5 Ra5 32. Nd7 f5 33.
Nb6 Kf8 34. Rc1 Bb3 35. Rb1 Bc2 36. Rb2 Bd1 37. f4 Ra6 38. Rb4 Bc2 39. Kf2 Bd3
40. Nd7+ Kg7 41. Nc5 Rd6 42. a5 Rd5 43. Nxd3 Rxd3 44. Ra4 Rd7 45. a6 Ra7 46.
Ke2 Kf6 47. Kd3 1-0

[Event "2. Bundesliga West 2016/17"]
[Site "Kufstein"]
[Date "2017.01.21"]
[Round "7"]
[Board "3"]
[White "Rusche, Johannes"]
[Black "Hausner, Ivan"]
[Result "1/2-1/2"]
[WhiteElo "2265"]
[BlackElo "2360"]
[PlyCount "99"]
[EventDate "2016.10.28"]
[EventType "team"]
[EventRounds "11"]
[EventCountry "AUT"]
[WhiteTeam "Kufstein/Woergl"]
[BlackTeam "Zillertal"]

1. e4 c5 2. c3 d5 3. exd5 Qxd5 4. d4 e5 5. Nf3 Nc6 6. dxe5 Qxd1+ 7. Kxd1 Bg4 8.
Be2 O-O-O+ 9. Nbd2 Bxf3 10. gxf3 Nxe5 11. Kc2 Nf6 12. Nc4 Nxc4 13. Bxc4 Bd6 14.
Be3 Kc7 15. Rag1 Nh5 16. Rg5 g6 17. Bxc5 f5 18. Bd4 Rhe8 19. Rgg1 Kc6 20. a4 a6
21. Rd1 Bc5 22. Bxc5 Kxc5 23. Rxd8 Rxd8 24. Be2 Nf4 25. b4+ Kc6 26. Rd1 Rxd1
27. Kxd1 b5 28. axb5+ axb5 29. Ke1 Nd5 30. Kd2 Nc7 31. c4 bxc4 32. Bxc4 Kd6 33.
Ke3 Ke5 34. f4+ Kd6 35. Kd4 Ne8 36. Bd5 Nf6 37. Bf3 Nd7 38. Bd5 Nf6 39. Bf3 Nd7
40. Kc4 Nf8 41. Kd4 Ne6+ 42. Ke3 Nc7 43. h4 Ne6 44. Bd1 Ng7 45. Bb3 Nh5 46. Bc4
Nf6 47. Kd4 Nh5 48. Bg8 Nf6 49. Bc4 Nh5 50. Bg8 1/2-1/2

[Event "2. Bundesliga West 2016/17"]
[Site "Kufstein"]
[Date "2017.01.21"]
[Round "7"]
[Board "4"]
[White "Maiwald, Jens-Uwe"]
[Black "Maurer, Jochen"]
[Result "1-0"]
[WhiteElo "2448"]
[BlackElo "2261"]
[PlyCount "65"]
[EventDate "2016.10.28"]
[EventType "team"]
[EventRounds "11"]
[EventCountry "AUT"]
[WhiteTeam "Zillertal"]
[BlackTeam "Kufstein/Woergl"]

1. d4 d6 2. Bg5 Nd7 3. c4 Ngf6 4. Nc3 e5 5. e3 Be7 6. Bd3 O-O 7. Nge2 Re8 8.
O-O c6 9. Rc1 Nf8 10. Qd2 exd4 11. Nxd4 Ne6 12. Bxf6 Bxf6 13. Nde2 Nc5 14. b4
Nxd3 15. Qxd3 a5 16. b5 a4 17. Rfd1 Be6 18. bxc6 bxc6 19. Qxd6 Qa5 20. Nd4 Bxc4
21. Nxc6 Qh5 22. Nd5 Bxd5 23. Rxd5 Qe2 24. Rd2 Qb5 25. Qd7 Qb6 26. g3 a3 27.
Kg2 h6 28. Rc4 Qa6 29. Rdc2 Re6 30. Nb4 Qa7 31. Rc7 Qb6 32. Qxf7+ Kh8 33. Nd5
 1-0

[Event "2. Bundesliga West 2016/17"]
[Site "Kufstein"]
[Date "2017.01.21"]
[Round "7"]
[Board "5"]
[White "Neuschmied, Siegfried"]
[Black "Tabernig, Bernhard"]
[Result "1-0"]
[WhiteElo "2153"]
[BlackElo "2330"]
[PlyCount "175"]
[EventDate "2016.10.28"]
[EventType "team"]
[EventRounds "11"]
[EventCountry "AUT"]
[WhiteTeam "Kufstein/Woergl"]
[BlackTeam "Zillertal"]

1. e4 e6 2. d4 d5 3. Nd2 Nf6 4. e5 Nfd7 5. Bd3 c5 6. c3 Nc6 7. Ne2 cxd4 8. cxd4
f6 9. exf6 Nxf6 10. Nf3 Bd6 11. O-O Qc7 12. Bg5 O-O 13. Bh4 Nh5 14. Bg3 Nxg3
15. fxg3 g6 16. Kh1 Qg7 17. a3 Bd7 18. b4 a6 19. Qd2 Rac8 20. Bc2 Rf7 21. Rad1
Rcf8 22. Kg1 Bb8 23. Nc1 Ba7 24. Nb3 e5 25. Nc5 e4 26. Bb3 exf3 27. Bxd5 Kh8
28. Bxf7 fxg2 29. Kxg2 Rxf7 30. Rxf7 Qxf7 31. d5 Nd8 32. Nxd7 Qxd7 33. Qf4 Kg8
34. Qf6 Nf7 35. h4 Bb8 36. Rd3 Be5 37. Qe6 Qd6 38. Rf3 Qxe6 39. dxe6 Nd6 40. e7
Bg7 41. g4 h6 42. g5 hxg5 43. hxg5 b5 44. Kh3 Ne8 45. Kg2 Nc7 46. Kf1 Bb2 47.
Ke2 Kg7 48. Kd1 Kg8 49. Kc2 Bg7 50. Kd3 Bb2 51. Ke4 Kh7 52. Rb3 Bg7 53. Rb1 Kg8
54. Rc1 Ne8 55. Rf1 Nc7 56. Rf2 Ba1 57. Rf8+ Kg7 58. Rc8 Bb2 59. Rxc7 Kf7 60.
Kd5 Bxa3 61. e8=Q+ Kxe8 62. Ke6 Kd8 63. Ra7 Bxb4 64. Rxa6 Bc3 65. Rc6 b4 66.
Kf7 Kd7 67. Rc4 Kd6 68. Kxg6 Kd5 69. Rc8 Bd4 70. Rb8 Kc4 71. Kf5 b3 72. Ke4 b2
73. g6 Bc3 74. Ke3 Bb4 75. g7 b1=Q 76. g8=Q+ Kc5 77. Qf8+ Kc6 78. Qxb4 Qg1+ 79.
Kd3 Qd1+ 80. Qd2 Qf3+ 81. Kc2 Qf5+ 82. Qd3 Qf2+ 83. Kb3 Qa7 84. Rb4 Qg1 85.
Rc4+ Kb7 86. Qd5+ Ka6 87. Ra4+ Kb6 88. Rb4+ 1-0

[Event "2. Bundesliga West 2016/17"]
[Site "Kufstein"]
[Date "2017.01.21"]
[Round "7"]
[Board "6"]
[White "Schiestl, Josef"]
[Black "Atzl, Florian"]
[Result "1/2-1/2"]
[WhiteElo "2123"]
[BlackElo "1996"]
[PlyCount "84"]
[EventDate "2016.10.28"]
[EventType "team"]
[EventRounds "11"]
[EventCountry "AUT"]
[WhiteTeam "Zillertal"]
[BlackTeam "Kufstein/Woergl"]

1. e4 e5 2. Bc4 Nf6 3. d3 c6 4. Nf3 d5 5. exd5 cxd5 6. Bb3 Bd6 7. Nc3 Bc7 8.
Bg5 Be6 9. O-O Nc6 10. Re1 a6 11. Bh4 Qd7 12. h3 Ng8 13. Ng5 Nge7 14. Nxe6 fxe6
15. f3 Ng6 16. Bf2 O-O 17. Ne2 Rf6 18. c3 Raf8 19. Bc2 Nce7 20. Rf1 Qd6 21. Ng3
Nf5 22. Nxf5 exf5 23. Bg3 f4 24. Bf2 Ne7 25. d4 Rh6 26. dxe5 Qxe5 27. Re1 Qg5
28. Rxe7 Qxe7 29. Qxd5+ Kh8 30. Re1 Qd6 31. Qxb7 Bb6 32. Qxb6 Qxb6 33. Bxb6
Rxb6 34. b3 Rd6 35. Kf2 g6 36. Rd1 Rxd1 37. Bxd1 Kg7 38. Ke2 Rd8 39. Bc2 Kf6
40. b4 Ke5 41. Bd3 Rd6 42. Bc4 h6 1/2-1/2

[Event "2. Bundesliga West 2016/17"]
[Site "Kufstein"]
[Date "2017.01.21"]
[Round "7"]
[Board "1"]
[White "Vogel, Roven"]
[Black "Fedorovsky, Michael"]
[Result "1/2-1/2"]
[WhiteElo "2415"]
[BlackElo "2497"]
[PlyCount "84"]
[EventDate "2016.10.28"]
[EventType "team"]
[EventRounds "11"]
[EventCountry "AUT"]
[WhiteTeam "Dornbirn"]
[BlackTeam "Jenbach 2"]

1. d4 Nf6 2. c4 e6 3. Nc3 Bb4 4. Qc2 d5 5. cxd5 exd5 6. Bg5 h6 7. Bxf6 Qxf6 8.
a3 Bxc3+ 9. Qxc3 O-O 10. e3 Bf5 11. Ne2 c6 12. Nf4 Nd7 13. Bd3 Bxd3 14. Nxd3
Rfe8 15. O-O a5 16. a4 Qd6 17. Rab1 b6 18. Rbc1 c5 19. dxc5 bxc5 20. Nxc5 Rec8
21. Nb7 Qb6 22. Qxc8+ Rxc8 23. Rxc8+ Kh7 24. Nd8 Ne5 25. h3 Qxb2 26. Rc5 Qd2
27. e4 Qd4 28. Rxd5 Qxe4 29. Rxa5 Nd3 30. Nxf7 Nf4 31. Ng5+ hxg5 32. Rxg5 Qxa4
33. Rg4 Qe4 34. Rxf4 Qxf4 35. Re1 Qd2 36. Re3 Qc1+ 37. Kh2 Qb1 38. f3 Qc1 39.
Re4 Kg6 40. Rg4+ Kf6 41. Re4 g5 42. Rg4 Qc7+ 1/2-1/2

[Event "2. Bundesliga West 2016/17"]
[Site "Kufstein"]
[Date "2017.01.21"]
[Round "7"]
[Board "2"]
[White "Reich, Thomas"]
[Black "Novkovic, Milan"]
[Result "1-0"]
[WhiteElo "2349"]
[BlackElo "2371"]
[PlyCount "107"]
[EventDate "2016.10.28"]
[EventType "team"]
[EventRounds "11"]
[EventCountry "AUT"]
[WhiteTeam "Jenbach 2"]
[BlackTeam "Dornbirn"]

1. d4 Nf6 2. c4 e6 3. Nc3 Bb4 4. Nf3 d5 5. Qa4+ Nc6 6. e3 O-O 7. Qc2 Re8 8. a3
Bf8 9. Be2 dxc4 10. Bxc4 a6 11. O-O Bd6 12. Rd1 Qe7 13. h3 b5 14. Bd3 Bb7 15.
Ne4 h6 16. Nxf6+ Qxf6 17. Bh7+ Kh8 18. Be4 Nd8 19. Bxb7 Nxb7 20. b4 a5 21. Bb2
Qe7 22. Qc6 Reb8 23. Qxb5 Nc5 24. Qxb8+ Rxb8 25. dxc5 Bxc5 26. Ne5 Bd6 27. Nc6
Qe8 28. Nxb8 Qxb8 29. Bc3 axb4 30. axb4 Qb7 31. Rab1 Qe4 32. Bd4 f5 33. b5 e5
34. b6 cxb6 35. Bxb6 Qc6 36. Ba7 Be7 37. Bb8 Bf6 38. Rbc1 Qe8 39. Bc7 Qa8 40.
Rc5 Qb7 41. Bd8 Qa6 42. Rc3 Bxd8 43. Rxd8+ Kh7 44. Rc7 Qa1+ 45. Kh2 e4 46. Rdd7
Qe5+ 47. g3 h5 48. Kg2 Kh6 49. Rxg7 Qxg7 50. Rxg7 Kxg7 51. g4 h4 52. f4 exf3+
53. Kxf3 Kf6 54. Kf4 1-0

[Event "2. Bundesliga West 2016/17"]
[Site "Kufstein"]
[Date "2017.01.21"]
[Round "7"]
[Board "3"]
[White "Schmidlechner, Alexander"]
[Black "Micheli, Carlo"]
[Result "1/2-1/2"]
[WhiteElo "2201"]
[BlackElo "2242"]
[PlyCount "107"]
[EventDate "2016.10.28"]
[EventType "team"]
[EventRounds "11"]
[EventCountry "AUT"]
[WhiteTeam "Dornbirn"]
[BlackTeam "Jenbach 2"]

1. d4 Nf6 2. c4 g6 3. Nc3 d5 4. Bg5 c6 5. Bxf6 exf6 6. e3 Bb4 7. Bd3 O-O 8.
Nge2 dxc4 9. Bxc4 Nd7 10. O-O f5 11. Qd3 Qe7 12. Rad1 a5 13. Rfe1 a4 14. Qc2
Nb6 15. Bd3 Be6 16. Nf4 Rfd8 17. Nxe6 Qxe6 18. a3 Bf8 19. g3 Ra5 20. Bf1 Bg7
21. Bg2 h5 22. h4 Qc4 23. Qd2 Raa8 24. Ne2 Nd5 25. Nc1 Nf6 26. Bf1 Qe6 27. Nd3
Qe7 28. Qc2 Ne4 29. Nf4 Bh6 30. Bc4 Bxf4 31. exf4 Qf6 32. d5 b5 33. Bf1 cxd5
34. Bxb5 Rab8 35. Bxa4 Rxb2 36. Qd3 Nc3 37. Qd4 Qxd4 38. Rxd4 Ne2+ 39. Rxe2
Rxe2 40. Bc6 Re6 41. Bb5 Re4 42. Rd2 d4 43. a4 d3 44. Kg2 Kf8 45. Kf3 Rb4 46.
Ke3 Rb3 47. Kf3 Ke7 48. Ke3 Rd6 49. f3 Ra3 50. Kf2 Rd5 51. Ke3 Kd8 52. Kf2 Kc7
53. Ke3 Kd6 54. Bc4 1/2-1/2